| 000 | 00979cam a22002774a 4500 | ||
|---|---|---|---|
| 001 | 14312277 | ||
| 003 | OSt | ||
| 005 | 20230620144446.0 | ||
| 008 | 060323s2006 miu 000 0 eng | ||
| 010 | _a 2006924485 | ||
| 020 | _a0834004267 | ||
| 040 |
_aDLC _cDLC _dDLC |
||
| 050 | 0 | 0 |
_aBS195.T65 _b2006b |
| 082 | 0 | 0 |
_a220.5 _222 _bGID |
| 130 | 0 |
_aBible. _l.English. _sToday's New International. _f2006. |
|
| 245 | 1 | 4 | _aThe Holy Bible. |
| 260 |
_aGrand Rapids, Mich. : _bZondervan, _cc2006. |
||
| 300 |
_axi, 1137 p. ; _c18 x 9 cm. |
||
| 500 | _a"TNIV"--Spine. | ||
| 500 | _a"TNIV Trimline"--T.p. verso. | ||
| 710 | 2 | _aZondervan Corporation. | |
| 856 | 4 | 2 |
_3Publisher description _uhttp://www.loc.gov/catdir/enhancements/fy1005/2006924485-d.html |
| 906 |
_a7 _bcbc _corignew _d2 _eepcn _f20 _gy-gencatlg |
||
| 942 |
_2ddc _cBK |
||
| 999 |
_c1808 _d1808 |
||